Pohádky kocoura Šikuly /
Krátké pohádkové příběhy o zvířatech pomáhají začínajícím čtenářům při prvním samostatném čtení.
Uloženo v:
| Série: | Čteme sami,
část 0 |
|---|---|
| Hlavní autor: | |
| Další autoři: | |
| Médium: | E-kniha |
| Jazyk: | Czech |
| Vydáno: |
V Praze :
Fragment,
2019
|
| Vydání: | 1. vydání |
| Edice: | Čteme sami
|
| Témata: | |
| Příbuzné jednotky: | Z cyklu::
Čteme sami |
| Tagy: |
Žádné tagy |
| LEADER | 02351nam a2200493 i 4500 | ||
|---|---|---|---|
| 001 | 311071 | ||
| 003 | CZ PrSKC | ||
| 005 | 20260601215659.0 | ||
| 007 | ta | ||
| 008 | 190822s2019 xr a b 000 j cze | ||
| 015 | |a cnb003124462 | ||
| 020 | |a 9788025342985 |q (vázáno) : |c Kč 199,00 | ||
| 035 | |a (OCoLC)1122793625 | ||
| 040 | |a ABG001 |b cze |d BOA001 |e rda | ||
| 072 | 7 | |a 821.162.3-3 |x Česká próza |2 Konspekt | |
| 072 | 7 | |a 821-93 |x Literatura pro děti a mládež (beletrie) |2 Konspekt | |
| 080 | |a 821.162.3-32 |2 MRF | ||
| 080 | |a 821-93 |2 MRF | ||
| 080 | |a (0:82-32) |2 MRF | ||
| 100 | 1 | |a Sani, Jitka, |d 1969- |7 jx20040608001 |4 aut | |
| 245 | 1 | 0 | |a Pohádky kocoura Šikuly / |c napsala Jitka Saniová ; ilustrovala Jaroslava Fišerová |
| 250 | |a 1. vydání | ||
| 264 | 1 | |a V Praze : |b Fragment, |c 2019 | |
| 300 | |a 47 stran : |b barevné ilustrace ; |c 23 cm | ||
| 336 | |a text |b txt |2 rdacontent | ||
| 336 | |a statický obraz |b sti |2 rdacontent | ||
| 337 | |a bez média |b n |2 rdamedia | ||
| 338 | |a svazek |b nc |2 rdacarrier | ||
| 490 | 1 | |a Čteme sami : stupeň C | |
| 520 | 2 | |a Krátké pohádkové příběhy o zvířatech pomáhají začínajícím čtenářům při prvním samostatném čtení. |b Koucour Šikula je sympatický kamarád mnoha dalších zvířátek. Osm příběhů doprovází ilustrace a krátké kontrolní otázky jak v textu tak i na konci knihy a napomáhají dětem rozvíjet a osvojovat si čtení i porozumění textu. | |
| 521 | 8 | |a Pro čtenáře od 6 let | |
| 655 | 7 | |a české příběhy |7 fd133973 |2 czenas | |
| 655 | 7 | |a publikace pro děti |7 fd133156 |2 czenas | |
| 655 | 9 | |a Czech stories |2 eczenas | |
| 655 | 9 | |a children's literature |2 eczenas | |
| 700 | 1 | |a Fišerová, Jaroslava, |d 1960- |7 jn19981001181 |4 ill | |
| 830 | 0 | |a Čteme sami | |
| 900 | |a ABA001 |b 19 | ||
| 928 | 9 | |a Albatros Media - Fragment | |
| 044 | |a xr | ||
| 787 | 0 | 8 | |g 0 |i Z cyklu: |t Čteme sami |
| 910 | |a RBIT002 | ||
| 998 | |d 185948 |a https://core.palmknihy.cz/api/books/185948/cover?snj7gv |b https://core.palmknihy.cz/api/books/185948/cover/400?snj7gv |c https://core.palmknihy.cz/api/books/185948/cover/50?snj7gv |e 2039-12-31 |g 56 |i 9788025342985 |j https://core.palmknihy.cz/api/books/185948/preview.epub |k https://core.palmknihy.cz/api/books/185948/preview.pdf |l |q 49 |r 1 |s https://www.palmknihy.cz/kniha/185948 |t ebook |y 2019 |z 0 |v Čteme sami |w 0 | ||
| 999 | |d 311069 | ||